Der Wiener Schuljugend Gewidmet : die Erste Osterreichische Spar-Casse /

Gespeichert in:
Bibliographische Detailangaben
1. Verfasser: Martinek, Hans (autor)
Format: Buch
Sprache:German
Veröffentlicht: Salzburgo, Austria : Das Bergland-Buch, 1965, c1965
Tags: Tag hinzufügen
Keine Tags, Fügen Sie das erste Tag hinzu!

MARC

LEADER 00000nam^a2200000^a^4500
001 000583658
005 20250526000000.0
009 20260310132655.006
037 |a Acervo ITESO - Biblioteca 
041 |a ALE 
091 |a FCO. 00464 
100 |a Martinek, Hans  |e (autor) 
245 1 4 |a Der Wiener Schuljugend Gewidmet :  |b die Erste Osterreichische Spar-Casse / 
264 4 |a Salzburgo, Austria :  |b Das Bergland-Buch,  |c 1965, c1965 
300 |a 50 p. ;  |c 18.0 cm. 
336 |a texto  |b txt  |2 rdacontenido 
337 |a sin mediación  |b n  |2 rdamedio 
338 |a volumen  |b nc  |2 rdasoporte 
649 |a XX 
910 |a Fondo Erich Coufal Kieswetter 
920 |a Impresos - Libros 
930 |a Libros Antiguos y Raros 
905 |a 142 
901 |a 0500412054  |b IT2  |c LRA  |i D  |u 20250526 
902 |a https://opac.biblio.iteso.mx/vufind/Record/000583658